Music Quiz

Random Music or Billboard Quiz

Top 10 Hits of 2011 Quiz Stats

 Plays Quiz Updated Jul 5, 2013

Challenge
Share
Tweet
Embed
Score 0/62 Timer 08:00
0 Plays Today
Artist Song % Correct
Bruno MarsGrenade
68.6%
Cee Lo GreenF**k You
66.9%
AdeleRolling in the Deep
65.8%
AdeleSomeone Like You
58.9%
LMFAO ft. Lauren Bennett & GoonRockParty Rock Anthem
55.7%
Maroon 5 ft. Christina AguileraMoves Like Jagger
53.8%
Katy Perry ft. Kanye WestE.T.
53.2%
Wiz KhalifaBlack and Yellow
50.7%
Foster the PeoplePumped Up Kicks
49.5%
Lady GagaBorn This Way
49.2%
Nicki MinajSuper Bass
48%
Enrique Iglesias ft. Ludacris & DJ Frank ETonight (I'm Lovin' You)
47.2%
LMFAOSexy and I Know It
45.7%
Jennifer Lopez ft. PitbullOn the Floor
38.6%
Bruno MarsThe Lazy Song
38.4%
Katy PerryLast Friday Night (T.G.I.F.)
38.2%
Rihanna ft. Calvin HarrisWe Found Love
35.4%
Gym Class Heroes ft. Adam LevineStereo Hearts
35.4%
Lady GagaThe Edge of Glory
31%
Bad Meets Evil ft. Bruno MarsLighters
29.8%
Hot Chelle RaeTonight Tonight
29.5%
Dr. Dre ft. Eminem & Skylar GreyI Need a Doctor
29.2%
Justin Bieber ft. Jaden SmithNever Say Never
28.3%
Ke$haBlow
26.8%
Britney Spears (ft. Ke$ha & Nicki Minaj)Till the World Ends
26.7%
Pitbull ft. Ne-Yo, Afrojack & NayerGive Me Everything
26.7%
P!nkF**kin' Perfect
26.6%
Demi LovatoSkyscraper
26%
Lady GagaYou and I
25.9%
David Guetta ft. UsherWithout You
24.5%
Katy PerryThe One That Got Away
24.3%
Artist Song % Correct
Chris Brown ft. Lil Wayne & Busta RhymesLook at Me Now
24.2%
Rihanna (ft. Britney Spears)S&M
23.4%
OneRepublicGood Life
23.3%
Lupe FiascoThe Show Goes On
21.3%
T-Pain ft Wiz Khalifa & Lily Allen5 O'Clock
20.7%
Lady GagaJudas
20.6%
Lil Wayne ft. Cory Gunz6 Foot 7 Foot
20.4%
Kelly ClarksonMr. Know It All
19.8%
Jay-Z & Kanye WestNi**as in Paris
19.6%
Bruno MarsIt Will Rain
19.6%
Lil WayneHow to Love
19.5%
Cobra Starship ft. SabiYou Make Me Feel...
19.3%
Jeremih ft. 50 CentDown on Me
18.1%
Britney SpearsI Wanna Go
17.4%
Far East Movement ft. Ryan TedderRocketeer
17.2%
Snoop Dogg & Wiz Khalifa ft. Bruno MarsYoung, Wild & Free
16.8%
Britney SpearsHold It Against Me
16.6%
Flo RidaGood Feeling
16.5%
Lady AntebellumJust a Kiss
15.5%
Drake ft. RihannaTake Care
12.9%
Jason Aldean (ft. Ludacris)Dirt Road Anthem
12.2%
Black Eyed PeasJust Can't Get Enough
12%
DJ Khaled ft. Drake, Rick Ross & Lil WayneI'm On One
11.6%
Wiz KhalifaNo Sleep
11.4%
B.o.B ft. Lil WayneStrange Clouds
9.5%
Lil Wayne ft. DrakeShe Will
9%
Pitbull ft. T-PainHey Baby (Drop It to the Floor)
8.6%
RihannaCheers (Drink to That)
7.7%
Drake ft. Nicki MinajMake Me Proud
7.4%
Glee CastLoser Like Me
5.6%
Taylor SwiftIf This Was a Movie
1.7%

You're not logged in!

Compare scores with friends on all Sporcle quizzes.
OR
Log In

You Might Also Like...

Show Comments

Extras

Top Quizzes Today


Score Distribution

Your Account Isn't Verified!

In order to create a playlist on Sporcle, you need to verify the email address you used during registration. Go to your Sporcle Settings to finish the process.

Report this User

Report this user for behavior that violates our Community Guidelines.

Details: